000 00678nam a22002417a 4500
003 UA-OsUOA
001 58792
007 ta
008 20090225b un ||||| |||| 00| 0 ukr d
100 _aСтеповик Дмитро
090 _a741: 929
_bС79
942 _cBK
040 _aUA-OsUOA
_bukr
_cUA-OsUOA
_dUA-OsUOA
245 _aПробуджені царівни Якова Гніздовського
300 _a63 с.
955 _a4
041 _aukr
080 _a741: 929
020 _a978-966-8968-15-0
260 _aК.
_bАтлант ЮЕмСі
_c2007
650 7 _a741 Малювання та креслення в цілому
_2UDC
999 _c344791
_d344791